Amia : (Record no. 599)

MARC details
000 -CABECERA
campo de control de longitud fija 01673nam a22002894c 4500
003 - IDENTIFICADOR DE NUMERO DE CONTROL
campo de control AR-BaSMT
008 - CAMPOS DE LONGITUD FIJA
campo de control de longitud fija 260325b2024 ag||||br|||| 00| jbspa d
020 ## - ISBN: Indicadores indefinidos
Número ISBN 9789875045194
040 ## - FUENTE DE CATALOGACION
Agencia de catalogación original BSGB
Idioma de catalogación español
Agencia que realiza la transcripción BSGB
Convenciones de la descripción rda
041 ## - CODIGO DE IDIOMA
Código idioma spa
Idioma original español
080 ## - CDU
CDU completo 82-94
100 1# - PUNTO DE ACCESO PRINCIPAL
Nombre de persona Braverman, Andrea,
Enlace autoridades 436
245 10 - MENCION DE TITULO
Título Amia :
Subtítulo contar para no olvidar.
250 ## - MENCION DE EDICION
Mención de edición Primera edición
264 #1 - PRODUCCIÓN, PUBLICACIÓN, DISTRIBUCIÓN, ETC.
Lugar de publicación, etc. Buenos aires :
Nombre editor. Quipu ,
Fecha 2024
300 ## - DESCRIPCION FISICA
Extensión 96 páginas
336 ## - TIPO DE CONTENIDO
rdacontent rdacontent
texto texto
txt txt
337 ## - TIPO DE MEDIO
rdamedia rdamedia
sin mediación sin mediación
n n
338 ## - TIPO DE SOPORTE
rdacarrier rdacarrier
volumen volumen
nc nc
490 ## - TÍTULO DE LA SERIE
Título de la serie Verde histórica
520 ## - NOTA DE SUMARIO, RESUMEN, ETC.
Toda la nota El lunes 18 de julio de 1994 a las 9.53 de la mañana una terrible explosión sacudió a la Ciudad Autónoma de Buenos Aires, al país y al mundo entero. Se trató del mayor atentado de la historia argentina: el ataque a la sede de la Asociación Mutual Israelita Argentina (AMIA).<br/><br/>Este libro relata las historias paralelas de Martín, Sarita y Gregorio, que comienzan el viernes 15 de julio, 72 horas antes del atentado, y tienen su punto de encuentro en la mañana del lunes 18, en el convulsionado barrio del Once, donde los protagonistas vivirán una cuenta regresiva en la que cada minuto será vital.<br/><br/>Se trata de historias de ficción, imaginadas por la autora, Andrea Braverman, a partir de los testimonios de muchas personas que aquel día terrible vivieron de cerca la tragedia.
URL, URI, etc. https://www.quipu.com.ar/productos/amia-contar-para-no-olvidar/<br/>25/03/2026
521 ## - NOTA DE PÚBLICO DESTINATARIO
Nota de audiencia A partir de 12 años
650 #7 - PUNTO DE ACCESO ADICIONAL DE MATERIA – TÉRMINO TEMÁTICO
Enlace autoridades 10
Término de materia o nombre geográfico como elemento de entrada LITERATURA JUVENIL
650 #7 - PUNTO DE ACCESO ADICIONAL DE MATERIA – TÉRMINO TEMÁTICO
Enlace autoridades 35
Término de materia o nombre geográfico como elemento de entrada NOVELA HISTÓRICA
Subdivisión geográfica Argentina
942 ## - ELEMENTOS AGREGADOS (KOHA)
CDU Clasificación Decimal Dewey
Tipo de ítem Libros
Holdings
Disponible Perdido Fuente de clasificación Estado Ubicación permanente Locación actual Estante o sala Fuente de adquisición Número de inventario Total préstamos Signatura topográfica Código de barras Numero de ejemplar Tipo de item de Koha Calificador de localización códificado
    Clasificación Decimal Dewey   Biblioteca Susana G. De Batemarco Biblioteca Susana G. De Batemarco Rojo donación editorial 000687   82-94 BRA 000687 1 Libros  

Powered by Koha